Beskid Mały - Statystyki

Ogólne statystyki
  • Ten quiz został rozwiązany 8 razy
  • Średni wynik to 7 z 14
Statystyki odpowiedzi
Pytanie Odpowiedź % Poprawnych
Co znajduje się na górze Żar? elektrownia
100%
Czy przez Beskid Mały biegnie GSB? nie
100%
Najwyższy szczyt Beskidu Małego (933m n.p.m.) Czupel
86%
Jezioro znajdujące się we wschodniej części Beskidu Małego? Mucharskie
86%
Jeziora znajdujące się na wschód od Pasma Magurki Wilkowickiej? Żywieckie Międzybrodzkie
86%
W Beskidzie Małym znajduje się przełom jakiej rzeki? Soły
71%
Lokalizacja jakiego schroniska umożliwia zjedzenie kremówek tego samego dnia? Leskowiec
57%
Jezioro pełniące funkcję zbiornika wody pitnej Czaniec
43%
W jakim schronisku można zatrzymać się w drodze na najwyższy szczyt Beskidu Małego? Magurka Wilkowicka
43%
Krzyż na jakiej górze widać w nocy z Bielsko-Białej? Hrobacza Łąka
29%
Chatka jakiego Klubu Turystyki Górskiej znajduje się w Beskidzie Małym ? LIMBA
29%
Co oddziela Beskid Mały od Beskidu Makowskiego? Brama Kocońska
0%
Co rozdziela Beskid Mały od Beskidu Śląskiego? Brama Wilkowicka
0%
W jakim paśmie znajduje się Groń Jana Pawła II? Pasmo Łamanej Skały i Leskowca
0%
Nie znaleziono quizów pasujących do podanych kryteriów
Rozkład punktacji
Procent ludzi z każdym wynikiem
Percentyl według liczby udzielonych odpowiedzi
Twoja historia wyników
Nie rozwiązałeś tego quizu